000 01629nam a22003617a 4500
003 PE-LiUPU
005 20250731173558.0
008 230703b |||||||| |||| 00| 0 eng d
020 _a9780816321445
040 _aPE-LiUPU
_bspa
_cPE-LiUPU
_dPE-LiUPU
_erda
082 _223
_a231.7652
_bB817b
100 _aBrand, Leornard
_91415
_d1941-
245 1 0 _aBeginnings :
_bare science and scripture partners in the search for origins? /
_cLeonard Brand con David C. Jarnes.
264 _aNampa, Idaho :
_bPacific Press Publishing Association,
_c2006.
300 _a175 páginas :
_bIlustraciones, mapas ;
_c23 centímetros.
505 _aScience: Its power and its limits -- The theory of evolution in its historical context -- Faith and Science -- The beginning of life -- Microevolution and the origin of species -- It's all a matter of interpretation --Origin of life forms: historical evidence --Modern biology and the challenge to Darwinism -- Geology: processes and time -- An appprocah to Short-Age geology -- Why does it matter? -- A direction for the future -- Interventionist-inspired research -- Sociobiology
526 _aSEG42
526 _aSEG41
526 _aSEG40
526 _aSEG39
526 _aP94
526 _aP87
526 _aP86
526 _aP85
526 _aP77
526 _aP76
526 _aP35
650 0 _aBiblia y ciencia
_91416
700 _aJarnes, David C.
_91417
_eautor
942 _2ddc
_cBK
_n0
980 _621515
_aDIGNA BRAÑES Analista Documental
_81
_gALBERTO SANCHEZ Responsable de Automatización
999 _c61876
_d61876